[Event "Collado Villalba op-A 26th"]
[Site "Collado Villalba"]
[Date "2009.08.25"]
[Round "5"]
[White "Rodriguez Fenoy, Inmaculada"]
[Black "Guisado Gomez, Francisco"]
[Result "0-1"]
[WhiteElo "1707"]
[BlackElo "1799"]
[PlyCount "76"]
[EventDate "2009.08.21"]
[EventType "swiss"]
[EventRounds "9"]
[EventCountry "ESP"]
[SourceTitle "CBM 132 Extra"]
[Source "ChessBase"]
[SourceDate "2009.11.03"]
[SourceVersion "1"]
[SourceVersionDate "2009.11.03"]
[SourceQuality "1"]

1. d4 d5 2. c4 e6 3. Nc3 c6 4. cxd5 exd5 5. Nf3 Nf6 6. Qc2 Be7 7. e3 Be6 8. Bd3 Nbd7 9. 0-0 0-0 10. Ng5 h6 11. Bh7+ Kh8 12. Nxe6 fxe6 13. Bg6 Ng8 14. e4 Qb6 15. Ne2 e5 16. dxe5 Nxe5 17. Nf4 Rxf4 18. Bxf4 Nxg6 19. Be3 Qa6 20. exd5 cxd5 21. Rfd1 Qe6 22. Rac1 Nh4 23. a3 Nf6 24. Qc7 Bd6 25. Qxb7 Re8 26. Qc6 Qe4 27. Kf1 Qxg2+ 28. Ke2 Rxe3+ 29. Kxe3 Qe4+ 30. Kd2 Be5 31. Rc2 Nf3+ 32. Kc1 Nd4 33. Qc8+ Kh7 34. Kb1 Nxc2 35. Qxc2 Qxc2+ 36. Kxc2 Bxh2 37. Rd2 h5 38. f3 Bg1 0-1